000 00719nam a2200253 a 4500
001 BRCA_7846
005 20190320210024.0
008 071113s1966----enka######---#000-0#eng-#
041 _aeng
044 _aenk
050 4 _aNK2529
_b.T65 1 1966
100 1 _aToller, Jane
_919422
245 1 0 _aAntique miniature furniture in Great Britain and America
_cby Jane Toller.
260 _aLondres
_bG. Bell
_cc1966
300 _a112 p.
_bil., 57 láminas
_c22 cm.
500 _aEjemplar igual a 3025
500 _aY69
650 1 4 _aMuebles en miniatura
_919423
650 1 4 _aMuebles
_zGran Bretaña
_99406
650 1 4 _aMuebles
_zEstados Unidos
_914276
650 1 4 _aMiniaturas
_917918
902 _aGFM
942 _2lcc
_cB
999 _c7520
_d7520